000 00471nam a2200181Ia 4500
001 9368
005 20260306161713.0
008 260306t2002||||xx |||||||||||||| ||spa||
041 _aESP
082 _a378.155
_bV19
100 _aValdez Aguirre, Leon
_eAUT
245 0 _aInterpretación teórica del modelo de evaluación institucional del Conafu
260 _c2002
300 _a56 páginas :
_c20 cm.
650 _aGEN
654 _aCED
942 _cLIB
_dJUS
_fJUS
_2ddc
_n
999 _c9368
_d9368